| 000 | 01017nam a22002537a 4500 | ||
|---|---|---|---|
| 005 | 20090527162238.0 | ||
| 008 | 090527t xxu||||| |||| 00| 0 eng d | ||
| 010 | _aENG-93767 | ||
| 020 |
_a8188631566 _c400.00 |
||
| 035 | _aEN-77300 | ||
| 037 | _bDBAD / PUB | ||
| 040 |
_adpl _bEnglish |
||
| 082 | _a020.954 | ||
| 100 | _aBhupendra Narayan Singh | ||
| 245 |
_aInternational and comparative librarianship and information systems / _cby Bhupendra Narayan Singh |
||
| 260 |
_aDelhi _bKunal Prakashan _c2008 |
||
| 270 |
_aL-45, Gali No. 5, Shivaji Marg, Kartar Nagar, _bDelhi _e110053 |
||
| 300 |
_aviii, 280p. _c23cm(Hb) |
||
| 500 | _aIncludes glossary, bibliographical references and index | ||
| 650 |
_aLibrary science _zIndia |
||
| 650 | _aComparative librarianship | ||
| 942 |
_2ddc _cEN _h020.954 _mBHU |
||
| 999 |
_c26874 _d26874 |
||